000
00288nam a2200121Ia 4500
008
191201s2011 xx 000 0 und d
100
_a
SHAILAJA,G.
245
0
_a
International Finance
260
_a
N. delhi
_b
University Press
_c
2011
300
_a
517
650
_a
MBA
942
_2
ddc
_c
BK
_0
1
999
_c
6264
_d
6264